Environmental risks and global real estate (Record no. 116272)

MARC details
000 -LEADER
fixed length control field 01511cam a22002775a 4500
001 - CONTROL NUMBER
control field L160199
008 - FIXED-LENGTH DATA ELEMENTS--GENERAL INFORMATION
fixed length control field 181204s2018 xxk f 000 0 eng d
020 ## - INTERNATIONAL STANDARD BOOK NUMBER
ISBN 9781783213269
035 ## - SYSTEM CONTROL NUMBER
System control number (Sirsi) u160199
041 0# - LANGUAGE CODE
Language code of text/sound track or separate title eng
100 1# - MAIN ENTRY--PERSONAL NAME
Personal author Wilbourn, Philip
245 00 - TITLE STATEMENT
Title Environmental risks and global real estate
Medium [electronic resource]
250 ## - EDITION
Edition statement 1st ed
260 ## - PUBLICATION INFORMATION
Place of publication London
Publisher RICS
Date 2018
300 ## - PHYSICAL DESCRIPTION
Physical description iv; 28p ; 30cm
490 #0 - SERIES TITLE
Series statement RICS professional standards and guidance, global
520 ## - ABSTRACT
Abstract This guidance note is aimed principally at the land and property acquisition, disposal and asset management stages of the property life cycle. It aims to provide guidance to chartered surveyors who are not specialists in environmental considerations and management, or in the preparation of environmental reports, including Land Quality Statements and Environmental Screening Reports
590 ## - LOCAL NOTE (RLIN)
Local note KA
650 24 - KEYWORDS
Keywords PROPERTY LIFE CYCLE
650 24 - KEYWORDS
Keywords LAND QUALITY STATEMENTS
651 #4 - SUBJECT ADDED ENTRY--GEOGRAPHIC NAME
Geographic name International
690 ## - BROAD SUBJECT
Broad subject Environment
9 (RLIN) 6238
856 ## - ONLINE RESOURCE
Uniform Resource Identifier <a href="https://www.rics.org/profession-standards/rics-standards-and-guidance/sector-standards/land-standards/environmental-risks-and-global-real-estate">https://www.rics.org/profession-standards/rics-standards-and-guidance/sector-standards/land-standards/environmental-risks-and-global-real-estate</a>
Public note View free on RICS.org
856 ## - ONLINE RESOURCE
Uniform Resource Identifier <a href="http://web.archive.org/web/20220120151753/https://www.rics.org/globalassets/rics-website/media/upholding-professional-standards/sector-standards/land/environmental-risks-and-global-real-estate-1st-edition-november-2018.pdf">http://web.archive.org/web/20220120151753/https://www.rics.org/globalassets/rics-website/media/upholding-professional-standards/sector-standards/land/environmental-risks-and-global-real-estate-1st-edition-november-2018.pdf</a>
Public note View on the internet archive
942 ## - ADDED ENTRY ELEMENTS (KOHA)
Suppress in OPAC Do not suppress in OPAC
Holdings
Lost status Source of classification or shelving scheme Damaged status Not for loan Home library Current library Shelving location Date acquired Total Checkouts Full call number Barcode Date last seen Copy number Price effective from Koha item type
  Dewey Decimal Classification     Archives Archives Archive copy 04/12/2018   RICS 2018/10 30078966 06/08/2019 1 06/08/2019 Book
  Dewey Decimal Classification     London London RICS Boxes 04/12/2018   RICS 2018/10 30078939 06/08/2019 1 06/08/2019 Book
  Dewey Decimal Classification     Virtual Virtual Online 04/12/2018   ONLINE PUBLICATION 160199-2001 23/03/2023 1 06/08/2019 Book